ՀՀ Գիտությունների ազգային ակադեմիայի հիմնարար գիտական գրադարան  =   Fundamental Scientific Library of NAS RA

Դրուագներ մանուկ Յիսուսի կեանքէն : (Record no. 96366)

MARC details
000 -LEADER
fixed length control field 00689nam a2200169 a 4500
001 - CONTROL NUMBER
control field 000265291
003 - CONTROL NUMBER IDENTIFIER
control field AM-YeHGA
005 - DATE AND TIME OF LATEST TRANSACTION
control field 20250618071752.0
008 - FIXED-LENGTH DATA ELEMENTS--GENERAL INFORMATION
fixed length control field 030924s1926 ai 000 | arm d
040 ## - CATALOGING SOURCE
Original cataloging agency AM-YeHGA
090 ## - LOCALLY ASSIGNED LC-TYPE CALL NUMBER (OCLC); LOCAL CALL NUMBER (RLIN)
-- 97671
100 1# - MAIN ENTRY--PERSONAL NAME
Personal name Դուրյան, Եղիշե Աբրահամի
Titles and words associated with a name Արքեպիսկոպոս,
Dates associated with a name 1860-1930
9 (RLIN) 3310
245 10 - TITLE STATEMENT
Title Դրուագներ մանուկ Յիսուսի կեանքէն :
Remainder of title Կաղանդչէք հայ մանուկներու /
Statement of responsibility, etc. Եղիշէ արքեպս. Դուրեան.
260 ## - PUBLICATION, DISTRIBUTION, ETC.
Place of publication, distribution, etc. Երուսաղէմ :
Name of publisher, distributor, etc. տպ. Ս. Յակոբեանց,
Date of publication, distribution, etc. 1926.
300 ## - PHYSICAL DESCRIPTION
Extent 62 էջ :
Other physical details նկ. ;
Dimensions 20 սմ.
650 14 - SUBJECT ADDED ENTRY--TOPICAL TERM
Topical term or geographic name entry element Հայ գրականություն
General subdivision Պոեզիա
Holdings
Withdrawn status Lost status Damaged status Not for loan Collection Home library Current library Date acquired Total checkouts Full call number Barcode Date last seen Price effective from Koha item type Public note
        General Fundamental Scientific Library Fundamental Scientific Library 22/12/2016   AII/13707 FL0012558 22/12/2016 22/12/2016 Գրքեր / Books 30 Days Loan


ՀՀ ԳԱԱ հիմնարար գիտական գրադարան
ՀՀ,Երևան 0019
Մարշալ Բաղրամյան 24/6
հեռախոս:(374-10) 52-47-50
Հետադարձ կապ

All site content, except where otherwise noted, is licensed under a
Creative Commons License